| 000 | 00466nam a2200169Ia 4500 | ||
|---|---|---|---|
| 003 | IN-BaIIA | ||
| 008 | 211028s9999 xx 000 0 eng d | ||
| 040 | _cIIA Library | ||
| 080 |
_a52-77 _bSTE |
||
| 100 |
_aSteinberg, J. C. _94333 |
||
| 245 | 0 |
_aRadio astronomy _cJ. C. Steinberg and J. Lequex |
|
| 260 |
_aNew York _bMcGraw-Hill _c1963 |
||
| 300 | _axii, 260p. | ||
| 490 | _aMcgraw-hill electronic science series | ||
| 650 |
_aRadio astronomy _92849 |
||
| 942 | _cBK | ||
| 999 |
_c2420 _d2420 |
||